[Event "Yerevan op"]
[Site "Yerevan"]
[Date "1996.??.??"]
[Round "9"]
[White "Aronian, Levon"]
[Black "Lempert, Igor"]
[Result "1/2-1/2"]
[WhiteElo "2310"]
[BlackElo "2505"]
[PlyCount "97"]
[EventDate "1996.??.??"]
[EventType "swiss"]
[EventRounds "11"]
[EventCountry "ARM"]
[SourceTitle "CBM 052 Extra"]
[Source "ChessBase"]
[SourceDate "1996.07.01"]
[SourceVersion "1"]
[SourceVersionDate "1996.07.01"]
[SourceQuality "1"]

1. e4 e6 2. Nc3 d5 3. d4 Nf6 4. Bg5 Be7 5. e5 Nfd7 6. Bxe7 Qxe7 7. Nb5 Nb6 8. a4 a6 9. a5 Nc4 10. Bxc4 dxc4 11. Nc3 0-0 12. Nf3 Rd8 13. Ne4 b5 14. axb6 cxb6 15. Nd6 Rxd6 16. exd6 Qxd6 17. 0-0 Bb7 18. Nd2 Qd5 19. Qf3 Qxf3 20. Nxf3 Bxf3 21. gxf3 Nc6 22. c3 Kf8 23. Rfd1 Ne7 24. b3 cxb3 25. Rdb1 Nd5 26. c4 Nf4 27. Rxb3 Ne2+ 28. Kg2 Rc8 29. Ra4 Nf4+ 30. Kg3 Ne2+ 31. Kh3 b5 32. cxb5 axb5 33. Rxb5 h5 34. Rb7 g5 35. Rb2 Nf4+ 36. Kg3 Kg7 37. h4 f6 38. Ra5 Kg6 39. Rbb5 Ne2+ 40. Kh3 Nf4+ 41. Kg3 Ne2+ 42. Kh3 gxh4 43. Rxh5 Nf4+ 44. Kg4 Nxh5 45. Rxh5 f5+ 46. Kxh4 Rd8 47. Rg5+ Kf6 48. Rh5 Rxd4+ 49. Kg3 1/2-1/2

[Event "Yerevan op"]
[Site "Yerevan"]
[Date "1996.??.??"]
[Round "3"]
[White "Chibukhchian, Artur"]
[Black "Lempert, Igor"]
[Result "1/2-1/2"]
[WhiteElo "2280"]
[BlackElo "2505"]
[PlyCount "92"]
[EventDate "1996.??.??"]
[EventType "swiss"]
[EventRounds "11"]
[EventCountry "ARM"]
[SourceTitle "CBM 052 Extra"]
[Source "ChessBase"]
[SourceDate "1996.07.01"]
[SourceVersion "1"]
[SourceVersionDate "1996.07.01"]
[SourceQuality "1"]

1. d4 e6 2. c4 b6 3. Nc3 Bb7 4. e4 Bb4 5. Qc2 Qh4 6. Bd3 f5 7. g3 Qh5 8. Nge2 Qf3 9. 0-0 Bxc3 10. Nxc3 Nc6 11. Qd1 Nxd4 12. Be3 Qxd1 13. Rfxd1 Nf3+ 14. Kg2 Ne5 15. Be2 Nf6 16. Nb5 0-0-0 17. Nxa7+ Kb8 18. Nb5 Bxe4+ 19. f3 Bb7 20. Bf4 d6 21. Bxe5 dxe5 22. Kf2 g5 23. a4 h5 24. a5 Rxd1 25. Bxd1 bxa5 26. Rxa5 h4 27. Nc3 hxg3+ 28. hxg3 Nd7 29. Be2 Rh2+ 30. Kg1 Rh3 31. Kf2 c5 32. Na4 Rh2+ 33. Kf1 g4 34. fxg4 f4 35. gxf4 exf4 36. Nxc5 Nxc5 37. Rxc5 f3 38. Bd3 Rd2 39. Bg6 Rd8 40. Bc2 Rd2 41. Bh7 Re2 42. g5 Rh2 43. Bd3 Rd2 44. Bh7 Rd1+ 45. Kf2 Rd2+ 46. Kf1 Rd1+ 1/2-1/2

[Event "Moscow Alekhine op"]
[Site "Moscow"]
[Date "1996.??.??"]
[Round "4"]
[White "Frog, Ilya"]
[Black "Lempert, Igor"]
[Result "1-0"]
[WhiteElo "2380"]
[BlackElo "2505"]
[PlyCount "109"]
[EventDate "1996.??.??"]
[EventType "swiss"]
[EventRounds "9"]
[EventCountry "RUS"]
[SourceTitle "EXT 1999"]
[Source "ChessBase"]
[SourceDate "1998.11.16"]
[SourceVersion "1"]
[SourceVersionDate "1998.11.16"]
[SourceQuality "1"]

1. Nf3 d5 2. b3 Bg4 3. e3 Nf6 4. Bb2 e6 5. Be2 Bd6 6. 0-0 0-0 7. c4 c6 8. Nc3 Nbd7 9. cxd5 cxd5 10. d3 a6 11. Qd2 Qe7 12. Rac1 Rfd8 13. h3 Bxf3 14. Bxf3 Ne5 15. Be2 Bb4 16. d4 Ng6 17. Rc2 Nh4 18. Rfc1 h5 19. Qd1 g6 20. Bd3 Qf8 21. Qe2 Qh6 22. Na4 Bd6 23. Nc5 Rab8 24. Bc3 Nf5 25. Be1 h4 26. Bc3 Qf8 27. Be1 Qh6 28. a4 Qf8 29. f4 Qh6 30. Qf2 Nxe3 31. Qxe3 Bxf4 32. Qf3 Bxc1 33. Qxf6 Bg5 34. Qf3 Be3+ 35. Bf2 Bxf2+ 36. Rxf2 Qg7 37. Qg4 b6 38. Nxa6 Rbc8 39. Qxh4 Rc1+ 40. Kh2 Rdc8 41. a5 bxa5 42. Nc5 Rd1 43. Rf3 Rxc5 44. dxc5 Qe5+ 45. Qg3 Qxg3+ 46. Kxg3 Rc1 47. Kf4 Rxc5 48. Ke5 Kg7 49. Kd6 Rc3 50. Bb5 Rc2 51. g4 Kf8 52. Bd3 Rc3 53. Be4 Rxf3 54. Bxf3 g5 55. Bxd5 1-0

[Event "Yerevan op"]
[Site "Yerevan"]
[Date "1996.??.??"]
[Round "8"]
[White "Lempert, Igor"]
[Black "Cherniaev, Alexander"]
[Result "0-1"]
[WhiteElo "2505"]
[BlackElo "2430"]
[PlyCount "136"]
[EventDate "1996.??.??"]
[EventType "swiss"]
[EventRounds "11"]
[EventCountry "ARM"]
[SourceTitle "CBM 052 Extra"]
[Source "ChessBase"]
[SourceDate "1996.07.01"]
[SourceVersion "1"]
[SourceVersionDate "1996.07.01"]
[SourceQuality "1"]

1. d4 Nf6 2. c4 g6 3. g3 Bg7 4. Bg2 0-0 5. Nf3 c5 6. 0-0 cxd4 7. Nxd4 Nc6 8. Nc3 Ng4 9. e3 Nxd4 10. exd4 Nh6 11. Bd2 Nf5 12. d5 d6 13. Rc1 Bd7 14. b3 Rc8 15. Re1 a6 16. Ne4 b5 17. c5 dxc5 18. Nxc5 Bd4 19. b4 Nd6 20. Bg5 Bf6 21. Bxf6 exf6 22. Qd4 Kg7 23. h4 h5 24. Nxd7 Qxd7 25. Rc6 Ra8 26. Re3 Rfd8 27. Ra3 Qe7 28. Re3 Qd7 29. Ra3 Qe7 30. Raxa6 Rxa6 31. Rxa6 Nf5 32. Qd2 Qe5 33. Ra3 Rc8 34. Rd3 Nd6 35. Re3 Qf5 36. Rf3 Rc2 37. Qd1 Qc8 38. Qd4 Nf5 39. Qd3 Rxa2 40. Rf4 Qc1+ 41. Qf1 Qb2 42. Qd3 Qc1+ 43. Kh2 Nh6 44. Bf1 Ng4+ 45. Kg1 Qe1 46. Qd4 Rd2 47. Qc5 Rd1 48. Qxb5 Ne3 49. fxe3 Qxg3+ 50. Kh1 Rd2 51. Be2 Qxe3 52. Rf3 Qxe2 53. Qxe2 Rxe2 54. Rd3 Kf8 55. d6 Ke8 56. d7+ Kd8 57. b5 Re4 58. Kg2 Rxh4 59. Rd6 f5 60. Kg3 Re4 61. Rd5 Rb4 62. Kh3 h4 63. Kg2 Rb3 64. Kh2 h3 65. Kg1 Rb2 66. Kh1 h2 67. Rd6 Rxb5 68. Rf6 Kxd7 0-1

[Event "Yerevan op"]
[Site "Yerevan"]
[Date "1996.??.??"]
[Round "2"]
[White "Lempert, Igor"]
[Black "Edzgveradze, Natalia"]
[Result "1/2-1/2"]
[WhiteElo "2505"]
[BlackElo "2305"]
[PlyCount "85"]
[EventDate "1996.??.??"]
[EventType "swiss"]
[EventRounds "11"]
[EventCountry "ARM"]
[SourceTitle "CBM 052 Extra"]
[Source "ChessBase"]
[SourceDate "1996.07.01"]
[SourceVersion "1"]
[SourceVersionDate "1996.07.01"]
[SourceQuality "1"]

1. d4 d5 2. c4 c6 3. Nf3 Nf6 4. Nc3 e6 5. Bg5 h6 6. Bxf6 Qxf6 7. Qc2 dxc4 8. e3 b5 9. a4 Bb7 10. axb5 cxb5 11. Nxb5 Bb4+ 12. Nc3 0-0 13. Be2 Nd7 14. 0-0 e5 15. dxe5 Nxe5 16. Nxe5 Qxe5 17. Bxc4 Rac8 18. Qb3 Bxg2 19. Bxf7+ Rxf7 20. Rxa7 Bxf1 21. Qxf7+ Kh7 22. Kxf1 Bxc3 23. bxc3 Rxc3 24. Re7 Qb5+ 25. Kg2 Qg5+ 26. Kh3 Rc6 27. Re8 Rf6 28. Qg8+ Kg6 29. f4 Qb5 30. Kg3 Qa5 31. Kh3 Qh5+ 32. Kg3 Qa5 33. Qc4 Qe1+ 34. Kh3 Qf2 35. Qe4+ Kh5 36. Re5+ g5 37. f5 Qf1+ 38. Kg3 Qe1+ 39. Kh3 Qf1+ 40. Qg2 Rxf5 41. Qxf1 Rxf1 42. Kg2 Rf6 43. Kg3 1/2-1/2

[Event "Moscow Alekhine op"]
[Site "Moscow"]
[Date "1996.??.??"]
[Round "3"]
[White "Lempert, Igor"]
[Black "Khromov, Vladimir V"]
[Result "1-0"]
[WhiteElo "2505"]
[BlackElo "2235"]
[PlyCount "101"]
[EventDate "1996.??.??"]
[EventType "swiss"]
[EventRounds "9"]
[EventCountry "RUS"]
[SourceTitle "EXT 1999"]
[Source "ChessBase"]
[SourceDate "1998.11.16"]
[SourceVersion "1"]
[SourceVersionDate "1998.11.16"]
[SourceQuality "1"]

1. d4 Nf6 2. Nf3 c5 3. d5 e6 4. Nc3 b5 5. Bg5 b4 6. Na4 exd5 7. Bxf6 Qxf6 8. Qxd5 Qc6 9. e4 Bb7 10. Bc4 Qxd5 11. Bxd5 Bxd5 12. exd5 d6 13. 0-0-0 Nd7 14. Rhe1+ Be7 15. c3 a5 16. Ng5 h6 17. Ne4 Kd8 18. f4 Re8 19. Re2 Rb8 20. Rde1 Bf8 21. g4 Kc7 22. Kc2 g6 23. h4 Bg7 24. Kd3 Rf8 25. Ng3 Bh8 26. Kc2 g5 27. fxg5 hxg5 28. hxg5 Be5 29. Ne4 Rh8 30. Rf1 Rh7 31. Nf6 Bxf6 32. gxf6 Rg8 33. Rf4 Rg5 34. Kb3 Rxd5 35. Re7 Rd2 36. g5 Rg2 37. Rf5 Kc6 38. a3 d5 39. axb4 axb4 40. cxb4 Rh3+ 41. Nc3 c4+ 42. Ka3 Nb6 43. b5+ Kd6 44. Rb7 Ke6 45. Rf1 Nd7 46. Re1+ Kd6 47. Re7 Ne5 48. Rb8 Rxc3+ 49. bxc3 Rxg5 50. Kb4 Nd3+ 51. Ka5 1-0

[Event "YUG-chT"]
[Site "Vrnjacka Banja"]
[Date "1996.??.??"]
[Round "?"]
[White "Lempert, Igor"]
[Black "Konjevic, Djordjije"]
[Result "1-0"]
[WhiteElo "2505"]
[BlackElo "2380"]
[PlyCount "110"]
[EventDate "1996.??.??"]
[EventType "team"]
[EventRounds "11"]
[EventCountry "YUG"]
[SourceTitle "EXT 2000"]
[Source "ChessBase"]
[SourceDate "1999.11.16"]
[SourceVersion "1"]
[SourceVersionDate "1999.11.16"]
[SourceQuality "1"]

1. d4 Nf6 2. c4 e6 3. Nc3 d5 4. cxd5 exd5 5. Bg5 c6 6. Qc2 Nbd7 7. e3 Bd6 8. Bd3 Nf8 9. Nf3 Ng6 10. Nh4 Nxh4 11. Bxh4 h6 12. 0-0-0 Be6 13. f3 Qc7 14. Bxf6 gxf6 15. Kb1 0-0-0 16. Qf2 Kb8 17. g3 h5 18. Rc1 Qa5 19. f4 Rc8 20. f5 Bd7 21. e4 Bb4 22. a3 Bxc3 23. Rxc3 dxe4 24. Bxe4 Rce8 25. Bc2 Re7 26. Rd1 Bc8 27. d5 Rd8 28. Qf4+ Re5 29. dxc6 Rxd1+ 30. Bxd1 Bxf5+ 31. Bc2 Bxc2+ 32. Rxc2 bxc6 33. Rxc6 Kb7 34. Qc4 Qe1+ 35. Ka2 Qe4 36. Qxe4 Rxe4 37. Rxf6 Re2 38. Rxf7+ Kb6 39. Rf6+ Kb7 40. h4 Re3 41. Rf7+ Kb6 42. Rf6+ Kb7 43. Rg6 a6 44. a4 a5 45. Rg5 Ka6 46. Rg6+ Kb7 47. Rg5 Ka6 48. Kb1 Rf3 49. Kc2 Re3 50. Rg6+ Kb7 51. Rg5 Ka6 52. b3 Rf3 53. Rg6+ Kb7 54. Rg5 Ka6 55. Rxh5 Rxg3 1-0

[Event "Yerevan op"]
[Site "Yerevan"]
[Date "1996.??.??"]
[Round "6"]
[White "Lempert, Igor"]
[Black "Razuvaev, Yuri S"]
[Result "1/2-1/2"]
[WhiteElo "2505"]
[BlackElo "2580"]
[PlyCount "107"]
[EventDate "1996.??.??"]
[EventType "swiss"]
[EventRounds "11"]
[EventCountry "ARM"]
[SourceTitle "CBM 052 Extra"]
[Source "ChessBase"]
[SourceDate "1996.07.01"]
[SourceVersion "1"]
[SourceVersionDate "1996.07.01"]
[SourceQuality "1"]

1. d4 Nf6 2. c4 e6 3. Nc3 Bb4 4. Bg5 h6 5. Bh4 c5 6. d5 b5 7. cxb5 exd5 8. e3 Bb7 9. Nge2 a6 10. a3 Ba5 11. Qa4 g5 12. Bg3 d6 13. bxa6+ Bc6 14. Qc2 Nxa6 15. 0-0-0 Nc7 16. h4 Nh5 17. hxg5 Nxg3 18. Nxg3 Qxg5 19. Rh5 Qg6 20. Bd3 Qf6 21. Rf5 Qe7 22. Nh5 0-0-0 23. Nf4 Bxc3 24. Qxc3 Rhg8 25. Qf6 Rd7 26. Qxh6 Ba4 27. Qh7 Re8 28. Rd2 d4 29. Re2 Qd8 30. Rxf7 Rh8 31. Rxd7 Bxd7 32. Qe4 Rh1+ 33. Kd2 d5 34. Nxd5 Nxd5 35. Qxd5 Rd1+ 36. Kxd1 Ba4+ 37. b3 Qxd5 38. bxa4 dxe3 39. Rxe3 c4 40. Ke2 cxd3+ 41. Rxd3 Qxg2 42. Rg3 Qh1 43. a5 Kb7 44. Re3 Ka6 45. Rg3 Kxa5 46. Re3 Kb5 47. Rg3 Kc4 48. Re3 Kd4 49. Rg3 Qb1 50. Re3 Qb5+ 51. Ke1 Qa6 52. Rg3 Ke4 53. Re3+ Kf4 54. Rg3 1/2-1/2

[Event "Moscow Alekhine op"]
[Site "Moscow"]
[Date "1996.??.??"]
[Round "9"]
[White "Lempert, Igor"]
[Black "Shaposhnikov, Evgeny"]
[Result "1-0"]
[WhiteElo "2505"]
[BlackElo "2320"]
[PlyCount "117"]
[EventDate "1996.??.??"]
[EventType "swiss"]
[EventRounds "9"]
[EventCountry "RUS"]
[SourceTitle "EXT 1999"]
[Source "ChessBase"]
[SourceDate "1998.11.16"]
[SourceVersion "1"]
[SourceVersionDate "1998.11.16"]
[SourceQuality "1"]

1. d4 Nf6 2. c4 e6 3. Nc3 Bb4 4. e3 c5 5. Bd3 Nc6 6. Nf3 Bxc3+ 7. bxc3 d6 8. Nd2 e5 9. 0-0 0-0 10. Rb1 Qe7 11. d5 e4 12. Nxe4 Nxe4 13. dxc6 bxc6 14. Qc2 f5 15. f3 Ng5 16. Bd2 Be6 17. Rbe1 h6 18. Re2 Qd7 19. h3 Rac8 20. Bc1 Nf7 21. f4 d5 22. Rd2 Qe7 23. cxd5 cxd5 24. Bxf5 Bxf5 25. Qxf5 Qxe3+ 26. Rdf2 Qxc3 27. Qxd5 Qd4 28. Qxd4 cxd4 29. Bb2 Rfd8 30. Rd1 Rc4 31. Rfd2 d3 32. Rxd3 Rxd3 33. Rxd3 Rxf4 34. Ra3 Rb4 35. Bc3 Rc4 36. Bd2 Nd6 37. Rxa7 Ne4 38. Be3 h5 39. Rd7 Rc2 40. a4 Ra2 41. Rd4 Ng3 42. Rc4 h4 43. Bg5 Nf5 44. Bxh4 Ne3 45. Re4 Rxg2+ 46. Kh1 Re2 47. a5 Ra2 48. Rxe3 Rxa5 49. Kg2 Kh7 50. Be1 Ra2+ 51. Kg3 Rc2 52. Kg4 Kg6 53. Bg3 Rc4+ 54. Bf4 Ra4 55. Re6+ Kf7 56. Rc6 Ra1 57. Rc7+ Kf6 58. h4 Rg1+ 59. Kh5 1-0

[Event "Moscow Alekhine op"]
[Site "Moscow"]
[Date "1996.??.??"]
[Round "?"]
[White "Najer, Evgeniy"]
[Black "Lempert, Igor"]
[Result "1-0"]
[WhiteElo "2455"]
[BlackElo "2505"]
[PlyCount "63"]
[EventDate "1996.??.??"]
[EventType "swiss"]
[EventRounds "9"]
[EventCountry "RUS"]
[SourceTitle "EXT 1999"]
[Source "ChessBase"]
[SourceDate "1998.11.16"]
[SourceVersion "1"]
[SourceVersionDate "1998.11.16"]
[SourceQuality "1"]

1. d4 Nf6 2. c4 c5 3. d5 b5 4. Nf3 g6 5. cxb5 a6 6. Qc2 axb5 7. Qxc5 Bg7 8. Nc3 Na6 9. Qxb5 Rb8 10. Qa4 0-0 11. e4 Nc5 12. Qa7 Rb6 13. Be3 d6 14. Bxc5 dxc5 15. Bc4 Rxb2 16. 0-0 Ne8 17. Rae1 Bg4 18. Qxc5 Bxf3 19. gxf3 Qb8 20. d6 Nxd6 21. Bb3 Bh6 22. Nd5 Qd8 23. Qc3 Bg7 24. Qc7 e6 25. Ne7+ Kh8 26. Qxd8 Rxd8 27. Rc1 Bf8 28. Rc7 Kg7 29. Nc6 Rc8 30. Rxc8 Nxc8 31. Ne5 Bb4 32. Nd3 1-0

[Event "EU-Cup 11th Group5"]
[Site "Vilnius"]
[Date "1995.??.??"]
[Round "2"]
[White "Berend, Fred"]
[Black "Lempert, Igor"]
[Result "1-0"]
[WhiteElo "2415"]
[BlackElo "2515"]
[PlyCount "47"]
[EventDate "1995.09.??"]
[EventType "team-k.o."]
[EventRounds "3"]
[EventCountry "LTU"]
[SourceTitle "EXT 2020"]
[Source "ChessBase"]
[SourceDate "2019.10.17"]
[SourceVersion "1"]
[SourceVersionDate "2019.10.17"]
[SourceQuality "1"]
[WhiteTeam "Dudelange"]
[BlackTeam "Zaporizhzhia Avtozaz"]
[WhiteTeamCountry "LUX"]
[BlackTeamCountry "UKR"]

1. d4 e6 2. Nf3 Nf6 3. Bg5 h6 4. Bh4 g5 5. Bg3 Ne4 6. Nbd2 Nxg3 7. hxg3 Bg7 8. c3 d6 9. e4 Nd7 10. Qb3 a6 11. Bd3 Qe7 12. Nc4 g4 13. Nh4 b5 14. Ne3 c5 15. Nhf5 exf5 16. Nxf5 c4 17. Qa3 Qf6 18. Nxd6+ Kd8 19. e5 Nxe5 20. dxe5 Qxe5+ 21. Be4 Kc7 22. 0-0-0 b4 23. Qxb4 Be6 24. Qb7+ 1-0

[Event "Orel"]
[Site "Orel"]
[Date "1995.??.??"]
[Round "2"]
[White "Iskusnyh, Sergei"]
[Black "Lempert, Igor"]
[Result "0-1"]
[WhiteElo "2425"]
[BlackElo "2510"]
[PlyCount "88"]
[EventDate "1995.??.??"]
[EventType "tourn"]
[EventRounds "9"]
[EventCountry "RUS"]
[EventCategory "10"]
[SourceTitle "CBM 048"]
[Source "ChessBase"]
[SourceDate "1995.10.01"]
[SourceVersion "1"]
[SourceVersionDate "1995.10.01"]
[SourceQuality "1"]

1. d4 e6 2. c4 b6 3. e4 Bb7 4. Bd3 f5 5. Nc3 Bb4 6. Qh5+ g6 7. Qe2 Nf6 8. Bg5 fxe4 9. Bxe4 Bxe4 10. Bxf6 Qxf6 11. Qxe4 0-0 12. Nf3 Bxc3+ 13. bxc3 Nc6 14. 0-0 Qf4 15. Qe2 Rf5 16. Nd2 Qh6 17. Ne4 Raf8 18. Rad1 Ne7 19. Rd3 g5 20. Rh3 Qg7 21. Qd1 Ng6 22. Rg3 h6 23. Re3 Nf4 24. Ng3 R5f7 25. Nh5 Qg6 26. Ng3 Kh7 27. Qb1 Qxb1 28. Rxb1 Kg6 29. Rb5 Nh5 30. Nxh5 Kxh5 31. f3 Kg6 32. h3 Rf5 33. Ree5 a6 34. Rxf5 Rxf5 35. Rxf5 Kxf5 36. Kf2 h5 37. g3 h4 38. gxh4 gxh4 39. Ke3 d5 40. cxd5 exd5 41. a3 a5 42. f4 a4 43. Kf3 c6 44. Ke3 c5 0-1

[Event "Cappelle op 11th"]
[Site "Cappelle la Grande"]
[Date "1995.??.??"]
[Round "2"]
[White "Kalesis, Nikolaos"]
[Black "Lempert, Igor"]
[Result "0-1"]
[WhiteElo "2410"]
[BlackElo "2510"]
[PlyCount "67"]
[EventDate "1995.03.??"]
[EventType "swiss"]
[EventRounds "9"]
[EventCountry "FRA"]
[SourceTitle "EXT 1997"]
[Source "ChessBase"]
[SourceDate "1996.11.15"]
[SourceVersion "1"]
[SourceVersionDate "1996.11.15"]
[SourceQuality "1"]

1. d4 e6 2. c4 b6 3. Nc3 Bb7 4. Nf3 Bb4 5. Qc2 c5 6. a3 Bxc3+ 7. Qxc3 Nf6 8. dxc5 bxc5 9. Bg5 h6 10. Bh4 Rg8 11. 0-0-0 g5 12. Bg3 Ne4 13. Qc2 f5 14. e3 h5 15. h4 Nxg3 16. fxg3 g4 17. Ne5 Qc7 18. Qc3 d6 19. Nd3 e5 20. Ne1 Rf8 21. Bd3 Nc6 22. Rf1 Ne7 23. Qc2 e4 24. Be2 0-0-0 25. Qc3 d5 26. Nc2 Qxg3 27. cxd5 Nxd5 28. Qxc5+ Kb8 29. Bc4 Rc8 30. Qd4 Rxc4 31. Qxc4 Rc8 32. Qb3 Qxe3+ 33. Qxe3 Nxe3 34. Rf2 0-1

[Event "Orel"]
[Site "Orel"]
[Date "1995.??.??"]
[Round "9"]
[White "Lempert, Igor"]
[Black "Gurevich, Vladimir"]
[Result "1/2-1/2"]
[WhiteElo "2510"]
[BlackElo "2445"]
[PlyCount "73"]
[EventDate "1995.??.??"]
[EventType "tourn"]
[EventRounds "9"]
[EventCountry "RUS"]
[EventCategory "10"]
[SourceTitle "CBM 048"]
[Source "ChessBase"]
[SourceDate "1995.10.01"]
[SourceVersion "1"]
[SourceVersionDate "1995.10.01"]
[SourceQuality "1"]

1. d4 Nf6 2. c4 g6 3. g3 Bg7 4. Bg2 0-0 5. Nc3 d6 6. Nf3 Nbd7 7. 0-0 e5 8. e4 exd4 9. Nxd4 Re8 10. h3 Nc5 11. Re1 Bd7 12. Rb1 h6 13. b3 a6 14. Bb2 Rb8 15. b4 Ne6 16. Nf3 Ng5 17. Nxg5 hxg5 18. Qd2 g4 19. hxg4 Nxg4 20. Nd5 c6 21. Bxg7 Kxg7 22. Ne3 Be6 23. Nxg4 Bxg4 24. Qd4+ Kg8 25. e5 Bf5 26. exd6 Bxb1 27. Rxb1 Qg5 28. d7 Re2 29. Rd1 Rd8 30. Qb6 Rc2 31. Bf1 Qf6 32. a4 Kg7 33. a5 Rb2 34. Kg2 Qf5 35. Qd4+ Qf6 36. Qb6 Qf5 37. Qd4+ 1/2-1/2

[Event "Orel"]
[Site "Orel"]
[Date "1995.??.??"]
[Round "7"]
[White "Lempert, Igor"]
[Black "Mochalov, Evgeny Veniaminovic"]
[Result "0-1"]
[WhiteElo "2510"]
[BlackElo "2455"]
[PlyCount "132"]
[EventDate "1995.??.??"]
[EventType "tourn"]
[EventRounds "9"]
[EventCountry "RUS"]
[EventCategory "10"]
[SourceTitle "CBM 048"]
[Source "ChessBase"]
[SourceDate "1995.10.01"]
[SourceVersion "1"]
[SourceVersionDate "1995.10.01"]
[SourceQuality "1"]

1. d4 Nf6 2. c4 g6 3. g3 Bg7 4. Bg2 0-0 5. Nc3 d6 6. Nf3 c6 7. 0-0 Qa5 8. e4 Bg4 9. h3 Bxf3 10. Qxf3 e5 11. d5 cxd5 12. cxd5 Nbd7 13. Bg5 Rfc8 14. h4 h6 15. Bd2 a6 16. Bh3 Qd8 17. Rfe1 Rc7 18. a4 Rc4 19. Bf1 Rd4 20. Bc1 Nc5 21. Ra3 Rc8 22. Be3 Rb4 23. Bxc5 Rxc5 24. b3 Rd4 25. Na2 Rc2 26. Bd3 Rd2 27. b4 R4xd3 28. Rxd3 Rxa2 29. a5 h5 30. Re2 Ra1+ 31. Kg2 Qd7 32. Ra3 Rxa3 33. Qxa3 Qb5 34. Qb2 b6 35. axb6 Qxb6 36. Qc3 Qb5 37. Re3 Bh6 38. Re1 Bf8 39. f3 Kg7 40. Rf1 Be7 41. Rf2 Bd8 42. Rc2 Qa4 43. Qc4 Bb6 44. Ra2 Qd1 45. Qf1 Qb3 46. Rxa6 Qxb4 47. Ra2 Bc5 48. Re2 Qc4 49. Qd1 Bd4 50. Qc2 Qa6 51. Re1 Nd7 52. Qe2 Qa3 53. Rd1 Nc5 54. Qc2 Qe3 55. Qd2 Qb3 56. Qe2 Na4 57. Rf1 Nc3 58. Qd2 Bc5 59. Kh3 Nb5 60. Qd1 Qe3 61. Qe1 Qxe1 62. Rxe1 f5 63. Rc1 Kf6 64. Rf1 Nc3 65. exf5 Kxf5 66. g4+ Kf4 0-1

[Event "Orel"]
[Site "Orel"]
[Date "1995.??.??"]
[Round "8"]
[White "Yandemirov, Valeri"]
[Black "Lempert, Igor"]
[Result "1/2-1/2"]
[WhiteElo "2525"]
[BlackElo "2510"]
[PlyCount "25"]
[EventDate "1995.??.??"]
[EventType "tourn"]
[EventRounds "9"]
[EventCountry "RUS"]
[EventCategory "10"]
[SourceTitle "CBM 048"]
[Source "ChessBase"]
[SourceDate "1995.10.01"]
[SourceVersion "1"]
[SourceVersionDate "1995.10.01"]
[SourceQuality "1"]

1. Nf3 d5 2. g3 c6 3. Bg2 Bg4 4. 0-0 Nd7 5. d3 Ngf6 6. Nbd2 e5 7. e4 dxe4 8. dxe4 Bc5 9. c3 a5 10. a4 0-0 11. Qc2 h6 12. Nh4 Qc7 13. Nf5 1/2-1/2

[Event "EU-Cup 11th Group5"]
[Site "Vilnius"]
[Date "1995.??.??"]
[Round "1"]
[White "Yudasin, Leonid"]
[Black "Lempert, Igor"]
[Result "1-0"]
[WhiteElo "2630"]
[BlackElo "2515"]
[PlyCount "91"]
[EventDate "1995.09.??"]
[EventType "team-k.o."]
[EventRounds "3"]
[EventCountry "LTU"]
[SourceTitle "EXT 2020"]
[Source "ChessBase"]
[SourceDate "2019.10.17"]
[SourceVersion "1"]
[SourceVersionDate "2019.10.17"]
[SourceQuality "1"]
[WhiteTeam "Beer Sheva"]
[BlackTeam "Zaporizhzhia Avtozaz"]
[WhiteTeamCountry "ISR"]
[BlackTeamCountry "UKR"]

1. e4 e6 2. d4 d5 3. Nd2 Be7 4. Bd3 c5 5. Ngf3 Nf6 6. e5 Nfd7 7. c3 Nc6 8. 0-0 a5 9. Qe2 cxd4 10. cxd4 Nb6 11. Rd1 Nb4 12. Bb1 a4 13. Ne1 Bd7 14. Qg4 g6 15. Ndf3 Nc4 16. a3 Nc6 17. Bd3 b5 18. Nc2 Bc8 19. Bg5 Ra7 20. Rab1 Bxg5 21. Nxg5 f5 22. exf6 Qxf6 23. Nxh7 Raxh7 24. Bxg6+ Ke7 25. Bxh7 Rxh7 26. b3 axb3 27. Rxb3 Rg7 28. Qe2 Kd6 29. Rxb5 Ba6 30. Rbb1 Qg6 31. Ne1 Nxd4 32. Qd3 Qxd3 33. Rxd3 Ne2+ 34. Kh1 Nf4 35. Rg3 Rh7 36. Rg8 Bb7 37. g3 d4+ 38. Rxb7 Rxb7 39. gxf4 Rb1 40. Rg1 Nb2 41. Nf3 Rxg1+ 42. Kxg1 d3 43. Nd2 Na4 44. Kg2 Nc3 45. Kf3 Nd5 46. Ke4 1-0

[Event "Moscow"]
[Site "Moscow"]
[Date "1994.??.??"]
[Round "12"]
[White "Ivanov, Victor L"]
[Black "Lempert, Igor"]
[Result "0-1"]
[WhiteElo "2385"]
[BlackElo "2495"]
[PlyCount "49"]
[EventDate "1994.??.??"]
[EventType "tourn"]
[EventRounds "14"]
[EventCountry "RUS"]
[EventCategory "9"]
[SourceTitle "CBM 040"]
[Source "ChessBase"]
[SourceDate "1994.06.01"]
[SourceVersion "1"]
[SourceVersionDate "1994.06.01"]
[SourceQuality "1"]

1. d4 e6 2. c4 b6 3. a3 f5 4. Nc3 Bb7 5. d5 Nf6 6. g3 Bc5 7. Bg2 0-0 8. e3 a5 9. Nge2 Na6 10. 0-0 Qe8 11. Qc2 Rb8 12. h3 h5 13. h4 Ng4 14. Bd2 e5 15. e4 f4 16. gxf4 Qe7 17. Qd3 Qxh4 18. Qh3 Bxf2+ 19. Kh1 Nc5 20. b4 axb4 21. axb4 Nb3 22. Rad1 Nxd2 23. Rxd2 exf4 24. Nxf4 Qg5 25. Nd1 0-1

[Event "Werfen op-A"]
[Site "Werfen"]
[Date "1994.??.??"]
[Round "?"]
[White "Kruppa, Yuri"]
[Black "Lempert, Igor"]
[Result "1/2-1/2"]
[WhiteElo "2545"]
[BlackElo "2510"]
[PlyCount "96"]
[EventDate "1994.08.??"]
[EventType "swiss"]
[EventRounds "9"]
[EventCountry "AUT"]
[SourceTitle "EXT 1998"]
[Source "ChessBase"]
[SourceDate "1997.11.17"]
[SourceVersion "1"]
[SourceVersionDate "1997.11.17"]
[SourceQuality "1"]

1. e4 e6 2. d4 d5 3. Nc3 Nf6 4. e5 Nfd7 5. f4 c5 6. Nf3 Nc6 7. Be3 Qb6 8. Na4 Qa5+ 9. c3 b6 10. Bd2 c4 11. b4 Qa6 12. Be2 Be7 13. Qc2 f6 14. Nb2 b5 15. 0-0 Nb6 16. exf6 Bxf6 17. Ne5 Ne7 18. a4 0-0 19. Bf3 Nf5 20. g3 Bxe5 21. fxe5 bxa4 22. Nxa4 Nxa4 23. Qxa4 Qxa4 24. Rxa4 a6 25. b5 Bb7 26. bxa6 Rxa6 27. Rxa6 Bxa6 28. Ra1 Bb5 29. Bd1 Rb8 30. g4 Ne7 31. h4 Be8 32. h5 h6 33. Bc1 Nc6 34. Kf2 Rb7 35. Ke1 Ra7 36. Rb1 Ra2 37. Rb6 Kf8 38. Rb7 Kg8 39. Bd2 Kf8 40. Bc1 Kg8 41. Bb2 Ra7 42. Rb6 Kf8 43. Bc2 Ke7 44. Bc1 Kd7 45. Kd1 Kc7 46. Rb1 Ra2 47. Rb2 Ra1 48. Rb1 Ra2 1/2-1/2

[Event "Moscow"]
[Site "Moscow"]
[Date "1994.??.??"]
[Round "5"]
[White "Lempert, Igor"]
[Black "Ivanov, Victor L"]
[Result "1-0"]
[WhiteElo "2495"]
[BlackElo "2385"]
[PlyCount "83"]
[EventDate "1994.??.??"]
[EventType "tourn"]
[EventRounds "14"]
[EventCountry "RUS"]
[EventCategory "9"]
[SourceTitle "CBM 040"]
[Source "ChessBase"]
[SourceDate "1994.06.01"]
[SourceVersion "1"]
[SourceVersionDate "1994.06.01"]
[SourceQuality "1"]

1. d4 Nf6 2. c4 c5 3. d5 b5 4. Nf3 g6 5. cxb5 a6 6. Nc3 axb5 7. d6 Qa5 8. e3 exd6 9. Bxb5 Ne4 10. Bd2 Nxc3 11. Bxc3 Qxb5 12. Bxh8 Ba6 13. a4 Qc4 14. Nd2 Qe6 15. Qf3 Nc6 16. Qe4 d5 17. Qxe6+ dxe6 18. Nf3 Nb4 19. Kd2 Nd3 20. Rhf1 Bd6 21. Bc3 e5 22. Kc2 e4 23. Nd2 Rb8 24. a5 Nb4+ 25. Bxb4 Rxb4 26. Rfd1 Be5 27. Ra2 f5 28. b3 Bd3+ 29. Kc1 Rb7 30. h3 Kd7 31. g4 f4 32. a6 Ra7 33. Nf3 Bd6 34. Ne1 c4 35. Nxd3 exd3 36. Ra4 fxe3 37. fxe3 Bc5 38. bxc4 Bxe3+ 39. Kb1 dxc4 40. Rxc4 d2 41. Re4 Bh6 42. Ra4 1-0